<?xml version="1.0" encoding="UTF-8"?>
<marc:record xmlns:marc="http://www.loc.gov/MARC21/slim">
   <marc:leader>00000nam a2200000 a 4500</marc:leader>
   <marc:datafield ind1="1" ind2=" " tag="100">
      <marc:subfield code="a">Osinger, Rainer M.</marc:subfield>
      <marc:subfield code="4">aut</marc:subfield>
      <marc:subfield code="e">Verfasser/-in</marc:subfield>
   </marc:datafield>
   <marc:datafield ind1=" " ind2=" " tag="653">
      <marc:subfield code="a">Maulwurf</marc:subfield>
   </marc:datafield>
   <marc:datafield ind1=" " ind2=" " tag="653">
      <marc:subfield code="a">Suche</marc:subfield>
   </marc:datafield>
   <marc:datafield ind1=" " ind2=" " tag="653">
      <marc:subfield code="a">Familie</marc:subfield>
   </marc:datafield>
   <marc:datafield ind1=" " ind2=" " tag="653">
      <marc:subfield code="a">Freundschaft</marc:subfield>
   </marc:datafield>
   <marc:datafield ind1=" " ind2=" " tag="653">
      <marc:subfield code="a">Hilfe</marc:subfield>
   </marc:datafield>
   <marc:datafield ind1=" " ind2=" " tag="653">
      <marc:subfield code="a">Abenteuerreise</marc:subfield>
   </marc:datafield>
   <marc:datafield ind1=" " ind2=" " tag="653">
      <marc:subfield code="a">Softcover / Kinder- und Jugendbücher/Bilderbücher/Religiöse Bilderbücher</marc:subfield>
   </marc:datafield>
   <marc:datafield ind1=" " ind2=" " tag="653">
      <marc:subfield code="a">Bilderbuch</marc:subfield>
   </marc:datafield>
   <marc:datafield ind1=" " ind2=" " tag="653">
      <marc:subfield code="a">Erzählerische Bilderbücher</marc:subfield>
   </marc:datafield>
   <marc:datafield ind1="0" ind2="0" tag="245">
      <marc:subfield code="a">Billi Maulwurf sucht seine Familie</marc:subfield>
   </marc:datafield>
   <marc:datafield ind1="0" ind2="0" tag="245">
      <marc:subfield code="c">Rainer M. Osinger</marc:subfield>
   </marc:datafield>
   <marc:datafield ind1=" " ind2="1" tag="264">
      <marc:subfield code="a">Grünkraut</marc:subfield>
      <marc:subfield code="b">D-&amp;-D-Medien</marc:subfield>
      <marc:subfield code="c">2012</marc:subfield>
   </marc:datafield>
   <marc:datafield ind1=" " ind2=" " tag="250">
      <marc:subfield code="a">1. Aufl.</marc:subfield>
   </marc:datafield>
   <marc:datafield ind1="1" ind2=" " tag="520">
      <marc:subfield code="a">Angaben aus der Verlagsmeldung

Billi Maulwurf sucht seine Familie / von Rainer M. Osinger

Billi, der Maulwurf, ist traurig, weil er keine Familie hat. Er hat keinen, der zu ihm hält, wenn es ihmschlecht geht. Er fühlt sich ganz alleine gelassen. Er betet auch darum, seine Familie endlich zu finden. Doch wo ist sie bloß?
Da kommen Rosi, die Maus, und Robert, die Giraffe des Weges und wollen dem kleinenMaulwurf helfen, seine Verwandten zu finden. Schließlich verbindet die gemeinsame Reise und dieAbenteuer, die sie miteinander erleben, die drei sehr stark und die Geschichte nimmt ein unerwartetesund wundervolles Ende.Es ist eine Geschichte voller konstruktiver Mitmenschlichkeit und von der ersten bis zur letzten Seiteliebevoll gezeichnet und erzählt. Darüberhinaus macht sie den Kindern deutlich, dass Gott manche Gebete auf eine etwas andere Art erhört, als wir uns das bisweilen vorstellen – aber er erhört sie trotzdem! Das Buch wird jedem Kind ein Lächeln ins Gesicht zaubern.
</marc:subfield>
   </marc:datafield>
   <marc:datafield ind1=" " ind2=" " tag="020">
      <marc:subfield code="a">9783864000089</marc:subfield>
      <marc:subfield code="9">9783864000089</marc:subfield>
   </marc:datafield>
   <marc:datafield ind1=" " ind2=" " tag="041">
      <marc:subfield code="a">ger</marc:subfield>
   </marc:datafield>
   <marc:datafield ind1=" " ind2=" " tag="300">
      <marc:subfield code="a">44] S.</marc:subfield>
   </marc:datafield>
</marc:record>
